capitales des pays commençant par la lettre A - Statistiques

Statistiques générales
  • Ce quiz a été pris 102 fois
  • Le résultat moyen est 11 sur 14
Statistiques - réponses
Hint Réponse % Correct
algerie alger
99%
allemagne berlin
99%
andorre andorre la vieille
93%
argentine buenos aires
93%
autriche vienne
93%
afrique du sud le cap
90%
albanie tirana
88%
afganistan kaboul
86%
arabie saoudite riyad
80%
azerbaijan bakou
70%
Australie camberra
70%
arménie erevan
69%
angola luanda
55%
antigua et barduba saint john's
35%
Aucun quiz correspondant
Distribution des résultats
% des personnes avec chaque résultat
Percentile par nombre de réponses
Votre historique - résultats
Vous n’avez pas pris ce quiz